Využívanie metódy DEA na hodnotenie efektívnosti fiškálnej decentralizácie
Fiškálna decentralizácia a alokácia fiškálnych zdrojov. Produktivita verejných výdavkov. Meranie efektívnosti verejných vlád s použitím metódy DEA. Hodnotenie efektívnosti verejných výdavkov na úrovni samosprávnych krajov v Slovenskej republike.
Gespeichert in:
| 1. Verfasser: | |
|---|---|
| Format: | Buchkapitel |
| Sprache: | Slowakisch |
| Schlagworte: | |
| Tags: |
Keine Tags, Fügen Sie das erste Tag hinzu!
|
MARC
| LEADER | 00000nla$a2200000$$$4500 | ||
|---|---|---|---|
| 001 | 0126108 | ||
| 005 | 20240502072434.6 | ||
| 041 | 0 | |a slo | |
| 044 | |a SK | ||
| 245 | 1 | 0 | |a Využívanie metódy DEA na hodnotenie efektívnosti fiškálnej decentralizácie |c Jana Péliová |
| 520 | |a Fiškálna decentralizácia a alokácia fiškálnych zdrojov. Produktivita verejných výdavkov. Meranie efektívnosti verejných vlád s použitím metódy DEA. Hodnotenie efektívnosti verejných výdavkov na úrovni samosprávnych krajov v Slovenskej republike. | ||
| 610 | 2 | 0 | |a financie verejné |
| 610 | 2 | 0 | |a decentralizácia fiškálna |
| 610 | 2 | 0 | |a vláda |
| 610 | 2 | 0 | |a efektívnosť |
| 610 | 2 | 0 | |a výkonnosť |
| 610 | 2 | 0 | |a kraje |
| 610 | 2 | 0 | |a Slovensko |
| 100 | 1 | |a Péliová, Jana, 1976- | |